000 01091nam a2200301Ia 4500
001 B0940
003 IT-RoPAU
008 130308s9999 xx 000 0 und d
040 _aIT-RoPAU
040 _cIT-RoPAU
041 _aFRANCESE
100 _aAncelin Claire
100 _gCodice Aut. SPICS: 37308
245 _aServices videotex grand public, la naissance d'un secteur economique
245 _bParadis informationnels (Les)-Du minitel Aux services de Communication Du Futur
250 _a1a ed.
260 _aPARIS
260 _bMasson Et Cie
260 _c1987 [1° Ed.:1987 - Ed.Ling.Originale:1987]
300 _a"32 p. (prefazione: no ; testo: 32 [pagine: 63-94])"
500 _aServizi videotex per Il Grande Pubblico, Nascita di un settore Economico. Organizzazione dei flussi Finanziari. Informazione, Comunicazione e Giochi:Frontiere che Cadono. Tariffe Sugli Usi e Sui Servizi. canone del Videotex.
650 _aPOLITICA DELLA COMUNICAZIONE SOCIALE
650 _eCodice materia Spics: 3803
942 _cBK
957 _71
999 _c43897
_d43897
999 _bSI
999 _g1